Las pasiones del conocimiento: sobre las dimensiones culturales de la ciencia
Saved in:
| Hovedforfatter: | |
|---|---|
| Format: | Bog |
| Sprog: | spansk |
| Udgivet: |
Madrid
Alianza
1992
|
| Serier: | Alianza Universidad, 703
|
| Fag: | |
| Tags: |
Tilføj Tag
Ingen Tags, Vær først til at tagge denne postø!
|
MARC
| LEADER | 00000nam a2200000 a 4500 | ||
|---|---|---|---|
| 001 | UCT7465 | ||
| 003 | CL-VaPUC | ||
| 008 | 970123e19920000SP |||||||||||||||||spa|d | ||
| 082 | 0 | 4 | |a 501 |b THU |2 21 |
| 100 | 0 | |a Thuillier, Pierre |e author |9 378458 | |
| 245 | 1 | 4 | |a Las pasiones del conocimiento: sobre las dimensiones culturales de la ciencia |
| 300 | |a 275 p | ||
| 942 | |c BK | ||
| 945 | |d 19970123 00:00:00 |a rbrito | ||
| 260 | |a Madrid |b Alianza |c 1992 | ||
| 600 | 0 | |a Darwin Charles |9 398 | |
| 650 | 0 | |a Filosofía de las ciencias |9 256466 | |
| 650 | 0 | |a Matemática |9 260235 | |
| 650 | 0 | |a Geometría |9 264063 | |
| 650 | 0 | |a Teoría del conocimiento |9 255038 | |
| 650 | 0 | |a Ecología |9 258124 | |
| 583 | |a last modification |c 19970123 00:00:00 |k Rodrigo Vera | ||
| 490 | 0 | |a Alianza Universidad, 703 | |
| 999 | |c 256087 |d 256085 | ||
| 952 | |0 0 |1 0 |4 0 |6 501_000000000000000_THU_1992 |7 0 |8 A |9 278632 |a BIBEDU |b BIBEDU |d 2019-11-19 |i 3283690 |o 501 THU 1992 |p 3283690 |r 2019-11-19 |w 2019-11-19 |y BK |k FIL | ||